[Event "Moscow-ch sf"]
[Site "Moscow"]
[Date "2011.03.20"]
[Round "5"]
[White "Morozov, Grigory"]
[Black "Krezhanovsky, Sergey"]
[Result "1-0"]
[WhiteElo "2335"]
[BlackElo "2193"]
[PlyCount "79"]
[EventDate "2011.03.13"]
[EventType "swiss"]
[EventRounds "9"]
[EventCountry "RUS"]
[SourceTitle "CBM 141 Extra"]
[Source "ChessBase"]
[SourceDate "2011.05.03"]
[SourceVersion "1"]
[SourceVersionDate "2011.05.03"]
[SourceQuality "1"]

1. d4 Nf6 2. c4 g6 3. Nc3 Bg7 4. e4 d6 5. Be2 0-0 6. Nf3 e5 7. dxe5 dxe5 8. Bg5 Qe8 9. 0-0 Na6 10. Qc2 Nd7 11. a3 h6 12. Bc1 Nac5 13. b4 Ne6 14. Bb2 f5 15. c5 Kh8 16. Bc4 fxe4 17. Nxe4 Rxf3 18. Bxe6 Qxe6 19. gxf3 Qf5 20. Qe2 Nf8 21. Ng3 Qg5 22. Rfe1 Bd7 23. Bxe5 Re8 24. Bxg7+ Kxg7 25. Qb2+ Kh7 26. Rxe8 Bxe8 27. Re1 Bc6 28. Qe5 Qxe5 29. Rxe5 Bxf3 30. Re7+ Kg8 31. Rxc7 Ne6 32. Re7 Nd4 33. h4 h5 34. Rd7 Ne6 35. Nf1 g5 36. Nd2 Bc6 37. Re7 Nf4 38. hxg5 h4 39. Kh2 Bg2 40. f3 1-0